Κίμων ο Αθηναίος : η εκστρατεία στην Κύπρο
Αποθηκεύτηκε σε:
| Κύριος συγγραφέας: | |
|---|---|
| Μορφή: | Βιβλίο |
| Γλώσσα: | Greek |
| Δημοσίευση: |
Λεμεσός :
[χ.ό.],
1995.
|
| Θέματα: | |
| Ετικέτες: |
Προσθήκη ετικέτας
Δεν υπάρχουν, Καταχωρήστε ετικέτα πρώτοι!
|
MARC
| LEADER | 00000cam a2200000 i 4500 | ||
|---|---|---|---|
| 001 | 1/84773 | ||
| 008 | 050905s1995 cy | ||| |||| ||gre|| | ||
| 020 | |a 9963805205 | ||
| 035 | |l 10080104 | ||
| 040 | |a GR-MY-UA |b gre |e aacr | ||
| 041 | 0 | |a gre | |
| 082 | 7 | |a 889.2 |2 (22) | |
| 100 | 1 | |a Αντωνίου, Σάββας, |d 1954- | |
| 245 | 1 | 0 | |a Κίμων ο Αθηναίος : |b η εκστρατεία στην Κύπρο / |c Σάββας Αντωνίου. |
| 260 | |a Λεμεσός : |b [χ.ό.], |c 1995. | ||
| 300 | |a 85 σ. ; |c 22 εκ. | ||
| 500 | |a Με: Η δόξα και το δράμα της Ελλάδος / Γεωργίου Α. Σαμουήλ. - Η χαρτοπαίχτρα / Δημήτριος Ψαθάς. - Ο Άγιος Κοσμάς ο Αιτωλός / Σάββας Αντωνίου. - Μεσολόγγι / Ξενοφώντα Στεργίου ( Στεριανού). - Οι βρυκόλακες / Ερρίκου Ίψεν. - Ο συμβολαιογράφος / Αλέξανδρου Ραγκάβη. - Καλιγούλας / Άλμπερ Καμύ | ||
| 651 | 0 | |a Cyprus |x History. | |
| 852 | |a INST |b RHODES |c KRI |e 20070105 |h 889.2 ΑΝΤ |p 005400023919 |q 005400023919 |t BK |y 0 | ||
| 852 | |a INST |b RHODES |c KRI |e 20050905 |h 889.2 ΣΑΜ |p 005400022423 |q 005400022423 |t BK |y 0 | ||
| 901 | |a BIBL4-2005-3 | ||
| 909 | |a Ρ |b 122299 | ||
| 909 | |a Ρ |b 127184 | ||
| 970 | |a ΣΙΔΕΡΗ |b ΝΕΚΤΑΡΙΑ |z 2005/09/05 | ||